000
00240nam a22001097a 4500
082
_a
355 TAY'U
100
_a
TAYLOR, MAXWELL D
_9
60357
245
_a
THE UNCERTAIN TRUMPET
260
_a
LONDON
_b
ATLANTA
_c
1960
300
_a
203P
942
_c
BK
999
_c
570100
_d
570100